Colored Star Selection II Quiz Stats

 Plays Quiz Updated Aug 18, 2017

     
Support Sporcle.
Go Orange.
Score 0/56 Timer 01:00
1 Play Today
% Correct
???
90.7%
???
89.3%
???
86.8%
???
82.7%
???
81.5%
???
80.3%
???
80%
???
79.7%
???
78.9%
???
77.6%
???
77.2%
???
77.1%
???
77%
???
76.7%
???
76.3%
???
75.5%
???
73.9%
???
72.7%
???
72.5%
???
72.4%
???
71.6%
???
71.3%
???
71.1%
???
70.9%
???
70%
???
69.8%
???
68.9%
???
67.5%
% Correct
???
67.1%
???
67.1%
???
65.3%
???
65%
???
65%
???
64.2%
???
64.2%
???
64.1%
???
64.1%
???
64%
???
62.9%
???
61.5%
???
61.3%
???
61.3%
???
61.2%
???
60.9%
???
60.2%
???
60.1%
???
58.1%
???
58%
???
57.8%
???
57.8%
???
57.3%
???
57.1%
???
56.5%
???
56.3%
???
54.6%
???
52%

From the Vault

Sibling Trios

by iglew

'Families are like fudge - mostly sweet with a few nuts.' Author Unknown
Remove Ads.
Support Sporcle.
Get the best of Sporcle when you Go Orange. This ad-free experience offers more features, more stats, and more fun while also helping to support Sporcle. Thank you for becoming a member.

Show Comments

Extras

Top Quizzes Today


Score Distribution

Your Account Isn't Verified!

In order to create a playlist on Sporcle, you need to verify the email address you used during registration. Go to your Sporcle Settings to finish the process.

Report this User

Report this user for behavior that violates our Community Guidelines.

Details: